Представление документа в формате RUSMARC

ПолеНазваниеЗначение
  Тип записи i
  Библиографический уровень m
001 Контрольный номер LIBNET\0000346150
005 Дата корректировки 20260602141241.2
010 Индекс ISBN __
a ISBN 978-5-9677-1671-3 (в кор.)
d Цена 204-75
100 Данные общей обработки __
a Данные общей обработки 19141113d2011||||||| 0rusy0189 ca
101 Язык документа 0_
a Язык текста rus
102 Страна публикации __
a Страна публикации ru|
105 Кодированные данные (монография) __
a Кодированные данные (монография) nn|||||||z|zy
127 Кодированные данные (звукозаписи-физические характеристики) __
a Продолжительность проигрывания 11 ч 15 мин
200 Заглавие и сведения об ответственности 1_
a Заглавие Мелкий бес
e Сведения, относящиеся к заглавию [16+]
f Первые сведения об ответственности Федор Сологуб ; [читает Петр Коршунков]
b Общее обозначение материала Звукозапись
210 Выходные данные 1_
a Место издания Москва
c Издательство 1С-Паблишинг
d Дата издания 2011
215 Физическое описание __
a Объем 1 электрон. опт. диск (Audio CD)
c Иллюстрации/тип воспроизводства mp3, stereo
d Формат 12х14 см
225 Серия 2_
a Серия 1С: Аудиокниги
230 Специфическая характеристика материала: электронные ресурсы __
a Обозначение и объем ресурса Электронные звуковые данные
323 Примечание о главных создателях, исполнителях, участниках __
a Примечание о главных создателях, исполнителях, участниках Коршунков, П. (читает)
330 Аннотация __
a Аннотация Федор Сологуб - выдающийся русский поэт, прозаик, драматург, публицист, один из виднейших представителей символизма. Роман "Мелкий бес" принадлежит к числу самых значительных произведений Серебряного века отечественной словесности. Только при жизни автора книга выдержала десять изданий; с неослабевающим интересом читается она и сегодня. Фамилия главного героя романа Передонова, одержимого бредовыми идеями, включая манию преследования, стала именем нарицательным, а пошлая, бездарная, глупая жизнь, где помешательство неотличимо от нормы, получила название "передоновщина".
333 Примечание о целевом назначении __
a Примечание о целевом назначении 18+. Запрещено для детей
337 Примечание о системных требованиях (электронные ресурсы) __
a Примечание о системных требованиях (электронные ресурсы) Систем. требования: ПК: MS Windows ; Pentium 100 ; RAM 16 Мб ; SVGA, 600х800 ; CD-ROM ; зв. карта ; колонки или наушники или аудиосистемы: музык. центр ; CD/DVD-плеер и т.д.
606 Тематические рубрики __
a Основная рубрика Художественная литература
606 Тематические рубрики __
a Основная рубрика Русская литература XIX в. (произведения)
610 Ключевые слова 0_
a Ключевые слова проза
a Ключевые слова романы
a Ключевые слова тема жизни
a Ключевые слова тема зависти
a Ключевые слова тема человека
a Ключевые слова тема эгоизма
686 Индексы других классификаций __
2 Код системы rubbks
a Классификационный индекс 84(2=411.2)53-4я04
700 Автор _1
a Фамилия Сологуб
b Имя Ф. К.
g Полное личное имя Федор Кузьмич
4 Код отношения 070
801 Источник записи _0
a Страна ru
b Организация Муниципальное бюджетное учреждение культуры "Централизованная библиотечная система" г. Сургут (Центральная городская библиотека им. А. С. Пушкина)
c Дата составления 20141113
g Правила каталогизации КиК/Лукашук
801 Источник записи _1
a Страна ru
b Организация Муниципальное бюджетное учреждение культуры "Централизованная библиотечная система" г. Сургут (Центральная городская библиотека им. А. С. Пушкина)
c Дата составления 20141113
g Правила каталогизации КиК/Лукашук
852 Данные о местонахождении __
j Шифр хранения 84(2=411.2)53-4я04
i Авторский знак С 60
901 Тип документа __
t Тип документа 0
903 Характеристики (МАРС) __
a Дата передачи 20141113
969 Тип издания __
a Тип издания аудиокнига; издание для слепых
990 Данные о заказе (DOS) __
j Количество экземпляров (DOS) 2
t N записи в КСУ для И/У (DOS) 201411
996 Контроль за деятельностью лиц, находящихся под иностранным влиянием __
b Текстовое указание Содержит информацию о наркотических или психотропных веществах, употребление которых опасно для здоровья. Их незаконный оборот влечет уголовную ответственность (18+)